UM Logo

Readings in Philippine history/ (Record no. 14455)

MARC details
000 -LEADER
fixed length control field 00610nam a22001697a 4500
008 - FIXED-LENGTH DATA ELEMENTS--GENERAL INFORMATION
fixed length control field 190924b ||||| |||| 00| 0 eng d
020 ## - INTERNATIONAL STANDARD BOOK NUMBER
International Standard Book Number 9789719811404
082 ## - DEWEY DECIMAL CLASSIFICATION NUMBER
Edition number 2019
Classification number DFil 959.9
Item number As93
100 ## - MAIN ENTRY--PERSONAL NAME
Personal name Asuncion, Nestor M.
9 (RLIN) 39910
245 ## - TITLE STATEMENT
Title Readings in Philippine history/
Statement of responsibility, etc. Nestor M. Asuncion, Geoffrey Rhoel C. Cruz
260 ## - PUBLICATION, DISTRIBUTION, ETC. (IMPRINT)
Place of publication, distribution, etc. Quezon City:
Name of publisher, distributor, etc. C & E Publishing, Inc.,
Date of publication, distribution, etc. c2019.
300 ## - PHYSICAL DESCRIPTION
Extent vii, 244 pages:
Other physical details illustrations;
Dimensions 22 cm.
500 ## - GENERAL NOTE
General note Includes bibliographical references
650 ## - SUBJECT ADDED ENTRY--TOPICAL TERM
Topical term or geographic name as entry element Philippines -- History.
9 (RLIN) 39911
700 ## - ADDED ENTRY--PERSONAL NAME
Personal name Cruz, Geoffrey Rhoel C.
Relator term Author
9 (RLIN) 39912
942 ## - ADDED ENTRY ELEMENTS (KOHA)
Source of classification or shelving scheme Dewey Decimal Classification
Koha item type Filipiniana
Holdings
Withdrawn status Lost status Source of classification or shelving scheme Damaged status Not for loan Collection code Home library Current library Shelving location Date acquired Source of acquisition Total Checkouts Full call number Barcode Date last seen Date last checked out Cost, replacement price Price effective from Koha item type
    Dewey Decimal Classification     Filipiniana UM Digos College - LIC UM Digos College - LIC Book Cart 08/08/2019 Purchase 4 DFil 959.9 As93 2019 25581 07/14/2025 03/25/2025 593.00 09/24/2019 Filipiniana